| 000 | 00420nam a2200157 i 4500 | ||
|---|---|---|---|
| 001 | 85462 | ||
| 003 | ES-MaACL | ||
| 005 | 20230906175240.0 | ||
| 007 | t| | ||
| 008 | 041129s1971 sp ||||1| spa d | ||
| 100 | 1 |
_aJuanes, José Angel de. _967148 |
|
| 245 | 1 | 0 |
_aAldous Huxley / _cJosé Angel Juanes. |
| 260 |
_a[Madrid] : _bE.P.E.S.A., _c[1971] |
||
| 300 |
_a196 p. ; _c17 cm. |
||
| 852 |
_aES-MaACL _jC-44929 _bR.80352 |
||
| 999 |
_c85462 _d85462 |
||